| 000 | 00959nas a2200325 4500 | ||
|---|---|---|---|
| 001 | BR0403785 | ||
| 003 | BR-BrBNA | ||
| 005 | 20231205104730.0 | ||
| 007 | ta | ||
| 008 | 230509b bl.|||p| |||| 00| 00por d | ||
| 040 |
_aBR-BrBNA _bpor _cBiblioteca Nacional de Agricultura |
||
| 041 | _a(Pt) | ||
| 072 | _aL72 | ||
| 100 | 1 | _aHoineff, A.K. | |
| 100 | 1 | _aFernandes, B.M.M. | |
| 100 | 1 | _aBaptista-Farias, M. de F.D. | |
| 100 | 1 | _aCohen, S.C. | |
| 100 | 1 | _aFernandez, D.R. | |
| 100 | 1 | _aCanzi, C. | |
| 245 | 1 | _aHelmintos em peixes do reservatório de Itaipu e áreas de influência | |
| 650 | _aPEIXE | ||
| 650 | _aHELMINTO | ||
| 650 | _aRESERVATÓRIO DE ÁGUA | ||
| 650 | _aHIDRELÉTRICA | ||
| 650 | _aPARASITISMO | ||
| 650 | _aPARANÁ | ||
| 773 | 0 |
_tRevista Brasileira de Medicina Veterinária (Brazil) _xISSN 0100-2430 _g(Jul-Aug 2003), v. 25(4) p. 148-153 _wBR0403785 |
|
| 909 |
_a202311 _bLúcia _c55 _dLúcia Elande |
||
| 942 |
_2AGRIS _n0 _cANA |
||
| 999 |
_c179457 _d179457 |
||